| 000 | 00595nam a2200193 4500 | ||
|---|---|---|---|
| 001 | 107470 | ||
| 003 | ES-MaACL | ||
| 005 | 20231230062952.0 | ||
| 007 | t| | ||
| 008 | 061121s1943 sp r ||||1| spa d | ||
| 100 | 1 |
_aMoravia, Alberto, _d1907-1990 _983166 |
|
| 245 | 1 | 4 |
_aLas ambiciones defraudadas / _cAlberto Moravia; [traducción de Antonio Espina]. |
| 250 | _a1.ª ed. | ||
| 260 |
_aMadrid, etc. : _bLa Gaceta, _c1943. |
||
| 300 |
_a497 p. lám. col ; _c19. |
||
| 700 | 1 |
_aEspina, Antonio, _d1894-1972 _947833 |
|
| 852 |
_aES-MaACL _jE-523 _bR.28551 |
||
| 999 |
_c107470 _d107470 |
||